[Event "Torneo Hotel Alfinden 2010"]
[Site "La Puebla de Alfinden ESP"]
[Date "2010.12.06"]
[Round "5.4"]
[White "Ramiro Ovejero, Juan Luis"]
[Black "Fontana Sotomayor, Luis Javier"]
[Result "1-0"]
[WhiteElo "2381"]
[BlackElo "2376"]
[PlyCount "119"]
[EventDate "2010.12.03"]
[EventType "tourn"]
[EventRounds "9"]
[EventCountry "ESP"]
[EventCategory "5"]
[Source "lmi"]
[SourceDate "2010.12.03"]

1. Nf3 d5 2. d4 Nf6 3. c4 c6 4. Nc3 g6 5. Bf4 Bg7 6. cxd5 cxd5 7. e3 O-O 8. h3
Nc6 9. Ne5 Nd7 10. Nxd7 Qxd7 11. Bb5 b6 12. Rc1 Bb7 13. O-O a6 14. Be2 b5 15.
Bf3 e6 16. Qd2 Rac8 17. Ne2 e5 18. dxe5 Nxe5 19. Bxe5 Bxe5 20. Rfd1 Rxc1 21.
Nxc1 Rd8 22. Nd3 Bd6 23. Nb4 Bxb4 24. Qxb4 Qc7 25. Qd2 d4 26. Bxb7 Qxb7 27. Qa5
Rc8 28. Rxd4 Rc1+ 29. Kh2 Qc7+ 30. Qxc7 Rxc7 31. Rd2 h5 32. Kg3 Rc4 33. b3 Rc5
34. e4 Rc6 35. Kf4 Kf8 36. e5 Ke7 37. Ke4 Ke6 38. g3 Ke7 39. g4 h4 40. f4 Rc3
41. Rd3 Rc2 42. a3 Re2+ 43. Re3 Ra2 44. b4 Rc2 45. f5 Rc4+ 46. Kd5 gxf5 47.
gxf5 f6 48. Re4 Rc3 49. Rxh4 fxe5 50. Kxe5 Re3+ 51. Re4 Rxh3 52. Kd4+ Kf7 53.
Re3 Rh5 54. Rf3 Kf6 55. Kc5 Ke5 56. Kb6 Kd4 57. Rf1 Rh8 58. f6 Kd5 59. f7 Rf8
60. Kxa6 1-0

[Event "Torneo Hotel Alfinden 2010"]
[Site "La Puebla de Alfinden ESP"]
[Date "2010.12.06"]
[Round "5.5"]
[White "Rios, Alejandro"]
[Black "Garza Marco, Sergio"]
[Result "1-0"]
[WhiteElo "2321"]
[BlackElo "2442"]
[PlyCount "121"]
[EventDate "2010.12.03"]
[EventType "tourn"]
[EventRounds "9"]
[EventCountry "ESP"]
[EventCategory "5"]
[Source "lmi"]
[SourceDate "2010.12.03"]

1. e4 d6 2. d4 Nf6 3. Nc3 g6 4. f3 c6 5. Be3 Nbd7 6. Qd2 b5 7. O-O-O b4 8. Nce2
a5 9. Bh6 Bxh6 10. Qxh6 Qc7 11. g4 c5 12. Kb1 Bb7 13. Ng3 O-O-O 14. N1e2 Nb6
15. c3 Kb8 16. Rc1 Na4 17. cxb4 axb4 18. Qd2 Qb6 19. b3 Nc3+ 20. Nxc3 bxc3 21.
Rxc3 cxd4 22. Rc4 e5 23. Rb4 Qa7 24. Bb5 Rc8 25. g5 Ng8 26. Bd7 Rc5 27. Rc1 Ne7
28. Rxc5 dxc5 29. Rb5 Rd8 30. Bh3 Nc6 31. Bf1 d3 32. Kb2 Kc7 33. Bxd3 Ba6 34.
Qc3 Bxb5 35. Bxb5 Nd4 36. Bc4 Kd6 37. Nf1 Ra8 38. a4 Ke7 39. Ne3 Kf8 40. Ng4
Qe7 41. h4 Kg7 42. a5 Qd6 43. a6 Ra7 44. Nf6 Ra8 45. Bd5 Nb5 46. Bxa8 Qd8 47.
Qe3 Qxa8 48. Qxc5 Qxa6 49. Nd7 Nd6 50. Qxe5+ Kg8 51. Nf6+ Kf8 52. Nxh7+ Kg8 53.
Nf6+ Kf8 54. Nd7+ Kg8 55. Nf6+ Kf8 56. Qc5 Qe2+ 57. Ka3 Qa6+ 58. Kb4 Kg7 59.
Nd5 Kh7 60. Qb6 Qd3 61. Qxd6 1-0

[Event "Torneo Hotel Alfinden 2010"]
[Site "La Puebla de Alfinden ESP"]
[Date "2010.12.06"]
[Round "6.1"]
[White "Martin Alvarez, Inigo"]
[Black "Garza Marco, Sergio"]
[Result "1-0"]
[WhiteElo "2292"]
[BlackElo "2442"]
[PlyCount "44"]
[EventDate "2010.12.03"]
[EventType "tourn"]
[EventRounds "9"]
[EventCountry "ESP"]
[EventCategory "5"]
[Source "lmi"]
[SourceDate "2010.12.03"]

1. e4 g6 2. d4 Bg7 3. Nc3 d6 4. f4 a6 5. Nf3 b5 6. Bd3 Bb7 7. e5 e6 8. O-O Ne7
9. Qe1 Bxf3 10. Rxf3 d5 11. Ne2 Nd7 12. a4 c6 13. g4 f5 14. exf6 Nxf6 15. f5
exf5 16. Nf4 Nxg4 17. Ne6 Qd7 18. Nxg7+ Kf7 19. Bg5 Ra7 20. h3 Nf6 21. Bxf6
Kxf6 22. Qe5+ Kf7 1-0

[Event "Torneo Hotel Alfinden 2010"]
[Site "La Puebla de Alfinden ESP"]
[Date "2010.12.06"]
[Round "6.2"]
[White "Fontana Sotomayor, Luis Javier"]
[Black "Rios, Alejandro"]
[Result "0-1"]
[WhiteElo "2376"]
[BlackElo "2321"]
[PlyCount "83"]
[EventDate "2010.12.03"]
[EventType "tourn"]
[EventRounds "9"]
[EventCountry "ESP"]
[EventCategory "5"]
[Source "lmi"]
[SourceDate "2010.12.03"]

1. e4 e5 2. Nf3 Nc6 3. Bb5 a6 4. Ba4 d6 5. c3 Nge7 6. d4 Bd7 7. Be3 Ng6 8. h4
Be7 9. g3 h5 10. d5 Nb8 11. Bxd7+ Nxd7 12. Nfd2 Nf6 13. f3 Qd7 14. c4 O-O 15.
Nc3 Rfc8 16. a4 c6 17. a5 cxd5 18. cxd5 Bd8 19. Qb3 Qc7 20. Ke2 Nd7 21. Na4
Ngf8 22. Rhc1 Qxc1 23. Rxc1 Rxc1 24. Qxb7 Rb8 25. Qxa6 Ra1 26. b3 Ra2 27. Kd3
f5 28. Ba7 fxe4+ 29. fxe4 Rb4 30. Kc3 Rd4 31. Nc4 Rxe4 32. Qxd6 Rg4 33. Bb6
Rxg3+ 34. Kb4 Bxh4 35. a6 Rd3 36. Ncb2 Nxb6 37. Nxd3 Be7 38. Qxe7 Nxd5+ 39. Ka5
Nxe7 40. a7 Nc6+ 41. Kb6 Nxa7 42. Kxa7 0-1

[Event "Torneo Hotel Alfinden 2010"]
[Site "La Puebla de Alfinden ESP"]
[Date "2010.12.06"]
[Round "6.3"]
[White "Ramon Perez, Jose Luis"]
[Black "Ramiro Ovejero, Juan Luis"]
[Result "0-1"]
[WhiteElo "2251"]
[BlackElo "2381"]
[PlyCount "114"]
[EventDate "2010.12.03"]
[EventType "tourn"]
[EventRounds "9"]
[EventCountry "ESP"]
[EventCategory "5"]
[Source "lmi"]
[SourceDate "2010.12.03"]

1. e4 e5 2. f4 Qh4+ 3. g3 Qe7 4. Nc3 d6 5. Qf3 Nf6 6. b3 Nc6 7. Bb5 Bd7 8. Nge2
Nb4 9. Bd3 d5 10. exd5 O-O-O 11. Bb2 Bg4 12. Qe3 Nfxd5 13. Nxd5 Rxd5 14. O-O
Nxd3 15. cxd3 Qd7 16. fxe5 Bc5 17. d4 Bb6 18. Rf2 Bxe2 19. Qxe2 Rxd4 20. Bxd4
Bxd4 21. Raf1 Re8 22. Qh5 h6 23. Kg2 Bxf2 24. Rxf2 Re7 25. Qf3 Kb8 26. Qe4 c5
27. Re2 Kc7 28. Qf4 Qd5+ 29. Kh3 Kc6 30. Qa4+ Kb6 31. b4 c4 32. Qc2 Qd3 33.
Qxd3 cxd3 34. Re4 Kc6 35. Kg4 Kd5 36. Re3 Rxe5 37. Rxd3+ Kc6 38. Kf4 Rd5 39.
Rc3+ Kd6 40. Ke3 Rh5 41. h4 Re5+ 42. Kf3 g5 43. hxg5 hxg5 44. a3 f5 45. Rd3+
Rd5 46. Rc3 Rxd2 47. Ke3 Rg2 48. Kf3 Ra2 49. Ke3 b6 50. Kd4 Re2 51. Kc4 f4 52.
Kb5 Re5+ 53. Kc4 Re3 54. Rxe3 fxe3 55. Kd3 b5 56. g4 Ke5 57. Kxe3 a6 0-1

[Event "Torneo Hotel Alfinden 2010"]
[Site "La Puebla de Alfinden ESP"]
[Date "2010.12.06"]
[Round "6.4"]
[White "Panelo, Marcelo"]
[Black "Forcen Esteban, Daniel"]
[Result "1/2-1/2"]
[WhiteElo "2432"]
[BlackElo "2367"]
[PlyCount "30"]
[EventDate "2010.12.03"]
[EventType "tourn"]
[EventRounds "9"]
[EventCountry "ESP"]
[EventCategory "5"]
[Source "lmi"]
[SourceDate "2010.12.03"]

1. d4 Nf6 2. c4 c5 3. d5 e6 4. Nc3 exd5 5. cxd5 d6 6. e4 g6 7. h3 Bg7 8. Nf3 a6
9. a4 Nbd7 10. Bd3 Nh5 11. Bg5 Bf6 12. Be3 Ne5 13. Be2 Nxf3+ 14. Bxf3 Ng7 15.
O-O O-O 1/2-1/2

[Event "Torneo Hotel Alfinden 2010"]
[Site "La Puebla de Alfinden ESP"]
[Date "2010.12.06"]
[Round "6.5"]
[White "Kovacevic, Slobodan"]
[Black "Gemy, Jose Daniel"]
[Result "1-0"]
[WhiteElo "2330"]
[BlackElo "2316"]
[PlyCount "87"]
[EventDate "2010.12.03"]
[EventType "tourn"]
[EventRounds "9"]
[EventCountry "ESP"]
[EventCategory "5"]
[Source "lmi"]
[SourceDate "2010.12.03"]

1. d4 d5 2. Bf4 Nf6 3. e3 Bf5 4. c4 e6 5. Nc3 c6 6. Qb3 Qb6 7. c5 Qxb3 8. axb3
Nbd7 9. h3 a6 10. b4 Rc8 11. Nf3 Be7 12. Nd2 Bd8 13. Nb3 Bc7 14. Bxc7 Rxc7 15.
b5 Ke7 16. b6 Rcc8 17. Na5 Rb8 18. Na2 e5 19. Nb4 exd4 20. exd4 Rhe8 21. f3
Kf8+ 22. Kf2 Nxb6 23. cxb6 Nd7 24. g4 Be6 25. Bxa6 bxa6 26. b7 Rxb7 27. Nxb7
Rb8 28. Rxa6 Rxb7 29. Nd3 Nb8 30. Ra8 Ke7 31. Rha1 Kd6 32. b4 g5 33. R1a7 Rb5
34. Ra5 Rb6 35. Ra4 h6 36. Nc5 Rb5 37. Ke3 Ke7 38. R8a7+ Kd6 39. Kd3 Rb6 40.
Kc3 Rb5 41. Ra8 Rb6 42. R8a7 Rb5 43. Ra1 Rb6 44. Re1 1-0

[Event "Torneo Hotel Alfinden 2010"]
[Site "La Puebla de Alfinden ESP"]
[Date "2010.12.07"]
[Round "7.1"]
[White "Gemy, Jose Daniel"]
[Black "Martin Alvarez, Inigo"]
[Result "1/2-1/2"]
[WhiteElo "2316"]
[BlackElo "2292"]
[PlyCount "40"]
[EventDate "2010.12.03"]
[EventType "tourn"]
[EventRounds "9"]
[EventCountry "ESP"]
[EventCategory "5"]
[Source "lmi"]
[SourceDate "2010.12.03"]

1. d4 d5 2. Nf3 Nf6 3. c4 c6 4. cxd5 cxd5 5. Nc3 a6 6. Bf4 Nc6 7. e3 Bg4 8. Rc1
e6 9. Qb3 Bd6 10. Ne5 Bxe5 11. dxe5 Nd7 12. Qxb7 Ncxe5 13. Qb4 Qe7 14. Qxe7+
Kxe7 15. Bxe5 Nxe5 16. f4 Nd7 17. h3 Bf5 18. g4 Be4 19. Nxe4 dxe4 20. Rh2 h5
1/2-1/2

[Event "Torneo Hotel Alfinden 2010"]
[Site "La Puebla de Alfinden ESP"]
[Date "2010.12.07"]
[Round "7.2"]
[White "Forcen Esteban, Daniel"]
[Black "Kovacevic, Slobodan"]
[Result "1/2-1/2"]
[WhiteElo "2367"]
[BlackElo "2330"]
[PlyCount "20"]
[EventDate "2010.12.03"]
[EventType "tourn"]
[EventRounds "9"]
[EventCountry "ESP"]
[EventCategory "5"]
[Source "lmi"]
[SourceDate "2010.12.03"]

1. e4 c5 2. Nf3 e6 3. d4 cxd4 4. Nxd4 a6 5. Nc3 Qc7 6. g3 Bb4 7. Bd2 Nf6 8. Bg2
Be7 9. O-O d6 10. a4 O-O 1/2-1/2

[Event "Torneo Hotel Alfinden 2010"]
[Site "La Puebla de Alfinden ESP"]
[Date "2010.12.07"]
[Round "7.3"]
[White "Ramiro Ovejero, Juan Luis"]
[Black "Panelo, Marcelo"]
[Result "1-0"]
[WhiteElo "2381"]
[BlackElo "2432"]
[PlyCount "131"]
[EventDate "2010.12.03"]
[EventType "tourn"]
[EventRounds "9"]
[EventCountry "ESP"]
[EventCategory "5"]
[Source "lmi"]
[SourceDate "2010.12.03"]

1. e4 c5 2. Nf3 d6 3. d4 Nf6 4. Nc3 cxd4 5. Nxd4 a6 6. Qe2 g6 7. f3 Bg7 8. Be3
O-O 9. O-O-O Nc6 10. g4 Bd7 11. h4 Rc8 12. h5 Ne5 13. hxg6 fxg6 14. Nd5 Nc4 15.
Qh2 Nxe3 16. Nxe3 b5 17. Nd5 Rf7 18. Kb1 e5 19. Ne2 Bf8 20. Nec3 Be6 21. g5 Nh5
22. Bh3 Bxh3 23. Qxh3 Rb8 24. Qg4 Qc8 25. Qg2 Bg7 26. Rxh5 gxh5 27. g6 Rfb7 28.
gxh7+ Kh8 29. Qg6 Qe8 30. Qxd6 Qf7 31. Rf1 h4 32. Ne3 h3 33. Nf5 Rb6 34. Qd2
Rg6 35. Qh2 Qc4 36. Qxh3 Rd8 37. Nd5 b4 38. Rc1 Qe2 39. Qh5 Rg2 40. Nfe7 Qd2
41. Ng6+ Rxg6 42. Qxg6 Qh6 43. Qg2 a5 44. Rh1 Qe6 45. Qg5 Rd7 46. Rg1 a4 47.
Qg6 Qf7 48. Qxf7 Rxf7 49. Nxb4 Rxf3 50. Nd3 Re3 51. Re1 Rh3 52. a3 Kxh7 53. Nc5
Kg6 54. Nxa4 Kg5 55. Rg1+ Kf6 56. Nc3 Bh6 57. Rg2 Ke6 58. Ka2 Kd6 59. Kb3 Be3
60. Kc4 Bc1 61. Rg6+ Kd7 62. Na4 Rh4 63. Kd5 Rh2 64. Nc5+ Ke7 65. Nd3 Rxc2 66.
Nxc1 1-0

[Event "Torneo Hotel Alfinden 2010"]
[Site "La Puebla de Alfinden ESP"]
[Date "2010.12.07"]
[Round "7.4"]
[White "Rios, Alejandro"]
[Black "Ramon Perez, Jose Luis"]
[Result "1-0"]
[WhiteElo "2321"]
[BlackElo "2251"]
[PlyCount "98"]
[EventDate "2010.12.03"]
[EventType "tourn"]
[EventRounds "9"]
[EventCountry "ESP"]
[EventCategory "5"]
[Source "lmi"]
[SourceDate "2010.12.03"]

1. e4 c5 2. Nf3 d6 3. d4 cxd4 4. Nxd4 Nf6 5. Nc3 a6 6. f4 e5 7. Nf3 Nbd7 8. Bd3
Be7 9. O-O O-O 10. Kh1 Re8 11. Bc4 Qc7 12. Bb3 Nc5 13. Nd5 Nxd5 14. Bxd5 Be6
15. f5 Bxd5 16. Qxd5 Qc6 17. Qxc6 bxc6 18. Re1 Rab8 19. b3 d5 20. exd5 e4 21.
Nd4 Bf6 22. Be3 cxd5 23. Rad1 Rbc8 24. Re2 Nd7 25. h3 h6 26. Bf4 Ne5 27. a4
Red8 28. Red2 Nc6 29. Nxc6 Rxc6 30. Rxd5 Rxd5 31. Rxd5 Rxc2 32. Rd6 Rf2 33. g3
a5 34. Rd2 Rf3 35. Rd5 Bc3 36. Kg2 Bb4 37. Bc7 Rxb3 38. Bxa5 Rb2+ 39. Kf1 Kf8
40. Rb5 Rb1+ 41. Kf2 e3+ 42. Kxe3 Re1+ 43. Kf2 Bxa5 44. Rxa5 Ra1 45. Ra7 h5 46.
h4 Ra3 47. a5 Ke8 48. a6 Kf8 49. Ke2 Rxg3 1-0

[Event "Torneo Hotel Alfinden 2010"]
[Site "La Puebla de Alfinden ESP"]
[Date "2010.12.07"]
[Round "7.5"]
[White "Garza Marco, Sergio"]
[Black "Fontana Sotomayor, Luis Javier"]
[Result "1-0"]
[WhiteElo "2442"]
[BlackElo "2376"]
[PlyCount "83"]
[EventDate "2010.12.03"]
[EventType "tourn"]
[EventRounds "9"]
[EventCountry "ESP"]
[EventCategory "5"]
[Source "lmi"]
[SourceDate "2010.12.03"]

1. d4 Nf6 2. c4 c5 3. d5 e6 4. Nc3 exd5 5. cxd5 d6 6. e4 g6 7. f4 Bg7 8. Bb5+
Nfd7 9. Nf3 a6 10. Bd3 b5 11. O-O O-O 12. Kh1 Nb6 13. f5 b4 14. Ne2 N8d7 15.
Bg5 Bf6 16. Bf4 Qe7 17. Qd2 Ne5 18. Nxe5 Bxe5 19. Bxe5 Qxe5 20. f6 Kh8 21. Qh6
Rg8 22. Ng1 Qh5 23. Qf4 Qe5 24. Qxe5 dxe5 25. Nf3 Re8 26. Rac1 Nd7 27. Nd2 Kg8
28. Nb3 Rb8 29. Nxc5 Rb6 30. Nxd7 Bxd7 31. Rc7 Bb5 32. Bxb5 axb5 33. g4 h6 34.
h4 Ra8 35. g5 Rbb8 36. Rfc1 Rxa2 37. h5 hxg5 38. hxg6 Rf8 39. g7 Rd8 40. Rc8
Ra8 41. Rxa8 Rxa8 42. d6 1-0

[Event "Torneo Hotel Alfinden 2010"]
[Site "La Puebla de Alfinden ESP"]
[Date "2010.12.07"]
[Round "8.1"]
[White "Martin Alvarez, Inigo"]
[Black "Fontana Sotomayor, Luis Javier"]
[Result "1/2-1/2"]
[WhiteElo "2292"]
[BlackElo "2376"]
[PlyCount "145"]
[EventDate "2010.12.03"]
[EventType "tourn"]
[EventRounds "9"]
[EventCountry "ESP"]
[EventCategory "5"]
[Source "lmi"]
[SourceDate "2010.12.03"]

1. e4 c6 2. d4 d5 3. exd5 cxd5 4. c4 Nf6 5. Nc3 g6 6. Qb3 Bg7 7. cxd5 O-O 8.
Be2 Nbd7 9. Bf3 Nb6 10. Nge2 e6 11. d6 Qxd6 12. Bf4 Qd8 13. Be5 Nbd5 14. Nxd5
Nxd5 15. Nc3 Bxe5 16. dxe5 Qc7 17. O-O Nxc3 18. Qxc3 Qxc3 19. bxc3 Rb8 20. a4
Bd7 21. Rfd1 Rfd8 22. a5 Bc6 23. Bxc6 bxc6 24. f4 Rxd1+ 25. Rxd1 Rb5 26. Rd8+
Kg7 27. Rc8 Rxa5 28. Rxc6 g5 29. g3 gxf4 30. gxf4 Ra4 31. c4 Ra2 32. Rc7 a5 33.
f5 exf5 34. e6 Re2 35. exf7 a4 36. Ra7 Ra2 37. c5 Rc2 38. Rxa4 Kxf7 39. Ra7+
Kg6 40. Rc7 h5 41. c6 Kg5 42. Rg7+ Kf4 43. Rg2 Rc1+ 44. Kf2 Rxc6 45. Rg3 Rc2+
46. Kg1 h4 47. Ra3 Re2 48. Rb3 Re3 49. Rb2 h3 50. Rf2+ Kg4 51. Ra2 Re1+ 52. Kf2
Rh1 53. Ra8 Rxh2+ 54. Kg1 Rg2+ 55. Kh1 f4 56. Rg8+ Kf3 57. Rh8 Rg3 58. Kh2 Kf2
59. Rf8 Kf3 60. Ra8 Rg2+ 61. Kxh3 Re2 62. Ra4 Re4 63. Ra2 Re3 64. Rb2 Re2 65.
Rb4 Re3 66. Rb2 Re2 67. Rb4 Re3 68. Rb2 Rd3 69. Ra2 Ke3 70. Kg2 f3+ 71. Kg3 Rc3
72. Ra1 Ke2 73. Ra2+ 1/2-1/2

[Event "Torneo Hotel Alfinden 2010"]
[Site "La Puebla de Alfinden ESP"]
[Date "2010.12.07"]
[Round "8.2"]
[White "Ramon Perez, Jose Luis"]
[Black "Garza Marco, Sergio"]
[Result "0-1"]
[WhiteElo "2251"]
[BlackElo "2442"]
[PlyCount "76"]
[EventDate "2010.12.03"]
[EventType "tourn"]
[EventRounds "9"]
[EventCountry "ESP"]
[EventCategory "5"]
[Source "lmi"]
[SourceDate "2010.12.03"]

1. e4 c5 2. Nc3 Nc6 3. f4 g6 4. Nf3 Bg7 5. Bb5 Nd4 6. O-O Nxb5 7. Nxb5 d6 8. c4
Nh6 9. d3 O-O 10. Kh1 f5 11. Qe2 a6 12. Nc3 b5 13. e5 b4 14. Nd5 e6 15. Ne3 Nf7
16. Nc2 dxe5 17. Nxe5 Nxe5 18. fxe5 Bb7 19. Be3 Qe7 20. d4 cxd4 21. Bxd4 f4 22.
Ne1 Rf5 23. Rd1 g5 24. Qh5 Rc8 25. b3 Bc6 26. Rd3 Be8 27. Qd1 h5 28. Bb6 g4 29.
Rd8 Rxd8 30. Bxd8 Qf7 31. Nd3 f3 32. Kg1 Bc6 33. Nxb4 Qa7+ 34. Rf2 fxg2 35. Bh4
Bf3 36. Qd8+ Kh7 37. Nd3 Qe3 38. Qd7 Rxe5 0-1

[Event "Torneo Hotel Alfinden 2010"]
[Site "La Puebla de Alfinden ESP"]
[Date "2010.12.07"]
[Round "8.3"]
[White "Panelo, Marcelo"]
[Black "Rios, Alejandro"]
[Result "1-0"]
[WhiteElo "2432"]
[BlackElo "2321"]
[PlyCount "115"]
[EventDate "2010.12.03"]
[EventType "tourn"]
[EventRounds "9"]
[EventCountry "ESP"]
[EventCategory "5"]
[Source "lmi"]
[SourceDate "2010.12.03"]

1. d4 Nf6 2. c4 e6 3. Nf3 c5 4. e3 cxd4 5. exd4 d6 6. Nc3 Be7 7. Bd3 a6 8. O-O
Nbd7 9. Qe2 Nf8 10. Bd2 Ng6 11. Rad1 O-O 12. Ng5 Qc7 13. h4 Nxh4 14. f4 h6 15.
Nf3 Nxf3+ 16. Rxf3 Re8 17. Rg3 Kf8 18. Rf1 b6 19. Qe3 Bd8 20. Re1 Bb7 21. b4
Rc8 22. Re2 Ng8 23. Nd1 e5 24. dxe5 dxe5 25. Be4 Bf6 26. fxe5 Bg5 27. Rxg5 hxg5
28. Qxg5 Rcd8 29. Re3 Re6 30. Nf2 Qe7 31. Qf4 Nh6 32. Rh3 Qd7 33. Bf5 Qc6 34.
Qg5 Rde8 35. Bxe6 Rxe6 36. Rg3 Rg6 37. Qd8+ Qe8 38. Qxe8+ Kxe8 39. Rxg6 fxg6
40. Nd3 Kd7 41. Be3 Kc7 42. Nf4 Nf5 43. Bf2 Ne7 44. Bh4 Nc6 45. Nd5+ Kd7 46.
Nxb6+ Ke6 47. b5 Nxe5 48. a4 Nd3 49. Bg3 Nc5 50. Bh2 Be4 51. Kf2 Bc2 52. a5 Be4
53. g4 Bb7 54. Bc7 Nb3 55. Na4 Kd7 56. Bb6 Bc8 57. Kf3 g5 58. Nc3 1-0

[Event "Torneo Hotel Alfinden 2010"]
[Site "La Puebla de Alfinden ESP"]
[Date "2010.12.07"]
[Round "8.4"]
[White "Kovacevic, Slobodan"]
[Black "Ramiro Ovejero, Juan Luis"]
[Result "1/2-1/2"]
[WhiteElo "2330"]
[BlackElo "2381"]
[PlyCount "69"]
[EventDate "2010.12.03"]
[EventType "tourn"]
[EventRounds "9"]
[EventCountry "ESP"]
[EventCategory "5"]
[Source "lmi"]
[SourceDate "2010.12.03"]

1. d4 Nf6 2. Nf3 c5 3. e3 g6 4. c3 Bg7 5. Nbd2 Qc7 6. Bd3 O-O 7. O-O Nc6 8.
dxc5 Nd8 9. b4 b6 10. cxb6 Qxc3 11. Nb3 Qxb4 12. bxa7 Rxa7 13. Bd2 Qa4 14. Bc3
d6 15. Qe2 Ne6 16. Rfc1 Ba6 17. Bxa6 Qxa6 18. Qd1 Rc8 19. h3 Rxc3 20. Rxc3 Ne4
21. Rc2 Bxa1 22. Qxa1 N4c5 23. Nfd4 Nxd4 24. Qxd4 Nxb3 25. axb3 Qa1+ 26. Qxa1
Rxa1+ 27. Kh2 Rb1 28. Rc8+ Kg7 29. Rb8 Kf6 30. g4 h5 31. gxh5 gxh5 32. Rh8 Kg6
33. Rg8+ Kf5 34. Rh8 Kg6 35. Rg8+ 1/2-1/2

[Event "Torneo Hotel Alfinden 2010"]
[Site "La Puebla de Alfinden ESP"]
[Date "2010.12.07"]
[Round "8.5"]
[White "Gemy, Jose Daniel"]
[Black "Forcen Esteban, Daniel"]
[Result "1/2-1/2"]
[WhiteElo "2316"]
[BlackElo "2367"]
[PlyCount "21"]
[EventDate "2010.12.03"]
[EventType "tourn"]
[EventRounds "9"]
[EventCountry "ESP"]
[EventCategory "5"]
[Source "lmi"]
[SourceDate "2010.12.03"]

1. Nf3 Nf6 2. c4 c5 3. b3 e6 4. Bb2 d5 5. e3 Nc6 6. cxd5 exd5 7. Bb5 Be7 8. O-O
O-O 9. d4 Qb6 10. Nc3 cxd4 11. exd4 1/2-1/2

[Event "Torneo Hotel Alfinden 2010"]
[Site "La Puebla de Alfinden ESP"]
[Date "2010.12.08"]
[Round "9.1"]
[White "Forcen Esteban, Daniel"]
[Black "Martin Alvarez, Inigo"]
[Result "1-0"]
[WhiteElo "2367"]
[BlackElo "2292"]
[PlyCount "85"]
[EventDate "2010.12.03"]
[EventType "tourn"]
[EventRounds "9"]
[EventCountry "ESP"]
[EventCategory "5"]
[Source "lmi"]
[SourceDate "2010.12.03"]

1. e4 d6 2. d4 Nf6 3. Nc3 e5 4. Nf3 Nbd7 5. Bc4 Be7 6. O-O O-O 7. Qe2 c6 8. a4
exd4 9. Nxd4 Nc5 10. Rd1 Re8 11. f3 Bf8 12. Qf2 a5 13. Bg5 h6 14. Be3 Qb6 15.
Nb3 Qb4 16. Rd4 Qb6 17. Rdd1 Nfd7 18. Nxc5 dxc5 19. Ra3 Qb4 20. Bb3 Ne5 21. Na2
Qb6 22. h3 Qa6 23. Bxc5 Bxc5 24. Qxc5 Bxh3 25. gxh3 Nxf3+ 26. Kf2 Ng5 27. Nc3
Rxe4 28. Rd3 Rae8 29. Kg2 R4e5 30. Qd6 Qb6 31. Ra1 Re2+ 32. Nxe2 Rxe2+ 33. Kh1
Qf2 34. Qg3 Ne4 35. Rd8+ Kh7 36. Qxf2 Rxf2 37. Kg1 Re2 38. Bc4 Re3 39. Bd3 f5
40. Bxe4 Rxe4 41. Kf2 g5 42. Rd6 f4 43. Re1 1-0

[Event "Torneo Hotel Alfinden 2010"]
[Site "La Puebla de Alfinden ESP"]
[Date "2010.12.08"]
[Round "9.2"]
[White "Ramiro Ovejero, Juan Luis"]
[Black "Gemy, Jose Daniel"]
[Result "1/2-1/2"]
[WhiteElo "2381"]
[BlackElo "2316"]
[PlyCount "110"]
[EventDate "2010.12.03"]
[EventType "tourn"]
[EventRounds "9"]
[EventCountry "ESP"]
[EventCategory "5"]
[Source "lmi"]
[SourceDate "2010.12.03"]

1. e4 e6 2. d4 d5 3. Nd2 c5 4. Ngf3 cxd4 5. Nxd4 Nf6 6. exd5 Nxd5 7. N2f3 Nd7
8. a3 a6 9. Be2 Qc7 10. c4 N5f6 11. O-O Bd6 12. b4 b6 13. h3 O-O 14. Be3 Bb7
15. Rc1 Rac8 16. Qb3 Rfe8 17. Rfd1 Qb8 18. a4 Ne4 19. a5 Bf4 20. axb6 Nxb6 21.
c5 Nd5 22. c6 Bxe3 23. fxe3 Ba8 24. Bxa6 Qg3 25. Rf1 Rb8 26. b5 Nc7 27. Qd3 f5
28. Qc4 Nd6 29. Qc5 Nxa6 30. bxa6 Rb2 31. Rc2 Rxc2 32. Qxc2 e5 33. Ne2 Qg6 34.
Qb3+ Qf7 35. Qb6 Qc4 36. Rd1 Nc8 37. Qd8 Qxc6 38. Ng3 h6 39. Qa5 Qg6 40. Rd8
Bxf3 41. Rxe8+ Qxe8 42. gxf3 f4 43. exf4 Qg6 44. Kf2 exf4 45. Ne4 Qc6 46. a7
Qc2+ 47. Kf1 Qd1+ 48. Kg2 Qc2+ 49. Nf2 Qg6+ 50. Kh1 Qb1+ 51. Kh2 Qc2 52. Qd8+
Kh7 53. Qd4 Qa2 54. Kg2 Nxa7 55. Qxf4 Qe6 1/2-1/2

[Event "Torneo Hotel Alfinden 2010"]
[Site "La Puebla de Alfinden ESP"]
[Date "2010.12.08"]
[Round "9.3"]
[White "Rios, Alejandro"]
[Black "Kovacevic, Slobodan"]
[Result "1/2-1/2"]
[WhiteElo "2321"]
[BlackElo "2330"]
[PlyCount "23"]
[EventDate "2010.12.03"]
[EventType "tourn"]
[EventRounds "9"]
[EventCountry "ESP"]
[EventCategory "5"]
[Source "lmi"]
[SourceDate "2010.12.03"]

1. e4 c5 2. Nf3 e6 3. Nc3 a6 4. d4 cxd4 5. Nxd4 Qc7 6. Be2 b5 7. Bf3 Bb7 8. a3
Nf6 9. O-O d6 10. Bg5 Nbd7 11. Re1 Be7 12. g3 1/2-1/2

[Event "Torneo Hotel Alfinden 2010"]
[Site "La Puebla de Alfinden ESP"]
[Date "2010.12.08"]
[Round "9.5"]
[White "Fontana Sotomayor, Luis Javier"]
[Black "Ramon Perez, Jose Luis"]
[Result "1-0"]
[WhiteElo "2376"]
[BlackElo "2251"]
[PlyCount "175"]
[EventDate "2010.12.03"]
[EventType "tourn"]
[EventRounds "9"]
[EventCountry "ESP"]
[EventCategory "5"]
[Source "lmi"]
[SourceDate "2010.12.03"]

1. e4 e5 2. Nf3 Nc6 3. Bb5 a6 4. Ba4 Nf6 5. Bxc6 dxc6 6. d3 Nd7 7. Nbd2 g6 8.
Nc4 Bg7 9. Bg5 f6 10. Be3 Qe7 11. O-O Nf8 12. d4 Be6 13. Qe2 Nd7 14. dxe5 Nxe5
15. Ncxe5 fxe5 16. Ng5 Bd7 17. Qc4 h6 18. Nf3 Qe6 19. Qc3 O-O 20. Nd2 b6 21. b4
Rfd8 22. Qb3 a5 23. a3 a4 24. Qxe6+ Bxe6 25. Rad1 Rd7 26. Nb1 Kf7 27. Rxd7+
Bxd7 28. Rd1 Be6 29. Nc3 g5 30. Kf1 Bf8 31. Ke2 Be7 32. f3 Bc4+ 33. Kd2 Be6 34.
Ke1 Bf6 35. Kd2 Be7 36. Ne2 Ke8 37. Kc3 Kf7 38. Nc1 Bf6 39. Nd3 Re8 40. Bf2 Bc8
41. Nb2 Be6 42. Bg3 Kf8 43. Nc4 Bc8 44. Ne3 Kf7 45. Rd3 Bg7 46. Kb2 Be6 47. c4
Rc8 48. Kc3 Bf6 49. Rd1 Bg7 50. h4 Bf6 51. hxg5 hxg5 52. Rh1 Kg6 53. Nd1 Rd8
54. Nb2 b5 55. cxb5 cxb5 56. Rd1 Re8 57. Nd3 Bc4 58. Nc5 Be7 59. Nd7 Bd6 60.
Nb6 Bb3 61. Rd2 Rh8 62. Nd7 Rd8 63. Nc5 Bc4 64. Nb7 Rd7 65. Nxd6 cxd6 66. Bxe5
d5 67. Bg3 Kf6 68. e5+ Ke6 69. Kd4 Bb3 70. Kc5 Bc4 71. Rd4 Rc7+ 72. Kb6 Rh7 73.
Rg4 Kf5 74. Kc6 Rh6+ 75. Kc5 Rf6 76. Kd4 Rh6 77. Bf2 Rh1 78. Be3 Rd1+ 79. Kc5
Kxe5 80. Rxg5+ Kf6 81. f4 Rd3 82. Bd4+ Kf7 83. f5 Rxa3 84. Rg7+ Kf8 85. g4 Bd3
86. f6 Ra2 87. Be5 Rc2+ 88. Kd4 1-0